[Event "Werner-Ott-Open Kreuzberger Sommer 2016"]
[Site "Berlin"]
[Date "2016.07.22"]
[Round "7.1"]
[White "Kalinitschew, Sergey"]
[Black "Von Herman, Ulf"]
[Result "1/2-1/2"]
[WhiteElo "2337"]
[BlackElo "2270"]
[PlyCount "34"]
[EventDate "2016.??.??"]
[WhiteTeam "SC Kreuzberg"]
[BlackTeam "SK König Tegel"]

1. e4 e5 2. Nf3 Nc6 3. Bc4 Bc5 4. d3 Nf6 5. O-O O-O 6. a4 d6 7. h3 a6 8. c3 Ba7
9. Na3 Ne7 10. Bg5 Ng6 11. Nh4 Nxh4 12. Bxh4 h6 13. Nc2 g5 14. Bg3 Be6 15. Ba2
Qd7 16. Ne3 Kg7 17. Qf3 h5 {(=)} 1/2-1/2

[Event "Werner-Ott-Open Kreuzberger Sommer 2016"]
[Site "Berlin"]
[Date "2016.07.22"]
[Round "7.2"]
[White "Rosmann, Ilja"]
[Black "Niehaus, Frank"]
[Result "1/2-1/2"]
[WhiteElo "2239"]
[BlackElo "2131"]
[PlyCount "103"]
[EventDate "2016.??.??"]
[WhiteTeam "Königsspr. SC"]
[BlackTeam "SK König Tegel"]

1. e4 e5 2. Nf3 d6 3. Bc4 Nd7 4. d3 Be7 5. O-O Ngf6 6. Re1 O-O 7. Nbd2 c6 8. a4
Qc7 9. Nf1 d5 10. exd5 cxd5 11. Ba2 Bd6 12. d4 e4 13. Nh4 Nb6 14. Bg5 Ng4 15.
g3 h6 16. Bc1 Be6 17. c3 Rae8 18. f3 Nf6 19. f4 Bg4 20. Qc2 Bd7 21. b3 Nc8 22.
Ne3 Ne7 23. c4 Bb4 24. Rf1 dxc4 25. bxc4 Qa5 26. Bb3 Rc8 27. Bb2 Rfe8 28. c5
Be6 29. Bxe6 fxe6 30. Nc4 Qd8 31. Qb3 Ned5 32. Nd6 Rc7 33. Nxe8 Qxe8 34. f5 e3
35. fxe6 Qxe6 36. Rf5 Re7 37. Re5 Qf7 38. Ng6 Rd7 39. Nf4 Bd2 40. Nxd5 Rxd5 41.
Rxe3 Bxe3+ 42. Qxe3 Ng4 43. Qe2 Qh5 44. Re1 Rd8 45. Qg2 Rf8 46. h4 Rf2 47. Qxb7
Qf5 48. Qa8+ Kh7 49. Qe4 Rf1+ 50. Kg2 Rf2+ 51. Kg1 Rf1+ 52. Kg2 1/2-1/2

[Event "Werner-Ott-Open Kreuzberger Sommer 2016"]
[Site "Berlin"]
[Date "2016.07.22"]
[Round "7.3"]
[White "Wallgren, Ulf"]
[Black "Rietze, Clemens"]
[Result "0-1"]
[WhiteElo "2095"]
[BlackElo "2330"]
[PlyCount "62"]
[EventDate "2016.??.??"]
[WhiteTeam "Solna Schacksällskap"]
[BlackTeam "SC Rotation Pankow"]

1. e4 c5 2. Nf3 e6 3. c3 Nf6 4. Bd3 b6 5. O-O Bb7 6. Re1 d6 7. Bc2 Nbd7 8. d4
Be7 9. Nbd2 cxd4 10. cxd4 Rc8 11. Nf1 O-O 12. Ng3 Qc7 13. Bb1 g6 14. a3 Ba6 15.
Bh6 Rfd8 16. Ng5 Bf8 17. Bxf8 Rxf8 18. h4 e5 19. h5 exd4 20. hxg6 hxg6 21. Qxd4
Qc5 22. Qd2 Ne5 23. Ba2 Nd3 24. Rf1 Ng4 25. Ne6 Qe5 26. Nxf8 Qh8 27. Rfd1 Qh2+
28. Kf1 Nf4+ 29. Ne2 Qxg2+ (29... Qh1#) 30. Ke1 Qg1+ 31. Nxg1 Ng2# 0-1

[Event "Werner-Ott-Open Kreuzberger Sommer 2016"]
[Site "Berlin"]
[Date "2016.07.22"]
[Round "7.4"]
[White "Johansson, Thomas"]
[Black "Barath, Madhan"]
[Result "1-0"]
[WhiteElo "2222"]
[BlackElo "2039"]
[PlyCount "119"]
[EventDate "2016.??.??"]
[WhiteTeam "Uppsala ASS"]
[BlackTeam "SC Zugzwang 95 (Berlin)"]

1. Nf3 Nf6 2. c4 e6 3. g3 b6 4. Bg2 Bb7 5. O-O Be7 6. b3 O-O 7. Bb2 c5 8. e3 d5
9. Qe2 Nc6 10. Rd1 Qc7 11. Nc3 Rac8 12. cxd5 exd5 13. d4 Rfd8 14. Rac1 Qb8 15.
Bh3 Rc7 16. dxc5 bxc5 17. Na4 Ne4 18. Nd2 Ng5 19. Bg2 Ne6 20. Ba3 Nb4 21. Bxb4
cxb4 22. Nf3 Bf6 23. Qb5 Bc6 24. Qxb8 Rxb8 25. Nc5 Nxc5 26. Rxc5 Rbc8 27. Bh3
Bd7 28. Bxd7 Rxc5 29. Bxc8 Rxc8 30. Rxd5 g6 31. Ra5 Rc7 32. Nd2 Kf8 33. Nc4 Ke7
34. Ra6 Bc3 35. Kf1 h5 36. Ke2 Rd7 37. e4 Kd8 38. Rd6 Ke7 39. Rxd7+ Kxd7 40.
Kd3 Ke6 41. a4 Be1 42. f3 Bc3 43. Ne3 Kd6 44. Nd5 Be1 45. Kc4 g5 46. Nxb4 h4
47. gxh4 gxh4 48. Nd3 Bd2 49. h3 f6 50. b4 Be3 51. b5 Bd2 52. Kd4 Ba5 53. f4
Bb6+ 54. Kc4 Ba5 55. Nf2 Bd2 56. Nd3 Ba5 57. Nb4 Bb6 58. Nd5 Bd8 59. Ne3 Bb6
60. Nf5+ 1-0

[Event "Werner-Ott-Open Kreuzberger Sommer 2016"]
[Site "Berlin"]
[Date "2016.07.22"]
[Round "7.5"]
[White "Roseneck, Jonas"]
[Black "Johansson, Gunnar"]
[Result "0-1"]
[WhiteElo "2037"]
[BlackElo "2205"]
[PlyCount "78"]
[EventDate "2016.??.??"]
[WhiteTeam "AE Magdeburg"]
[BlackTeam "Solna Schacksällskap"]

1. e4 c5 2. Nf3 Nc6 3. d4 cxd4 4. Nxd4 e6 5. Nc3 Qc7 6. Be3 a6 7. Bd3 Nf6 8.
O-O Nxd4 9. Bxd4 Bc5 10. Be2 e5 11. Bxc5 Qxc5 12. Qd3 b5 13. a4 b4 14. Nd5 Nxd5
15. exd5 O-O 16. c3 bxc3 17. Rac1 Qa5 18. Rxc3 Qxa4 19. Rc4 Qb5 20. Qc2 Qb6 21.
Rc7 Rd8 22. Rc1 Bb7 23. Bf3 Bc6 24. Rxc6 dxc6 25. Qxc6 Qxb2 26. d6 Rab8 27. Rd1
Qb6 28. Qd5 Qb5 29. Qe4 g6 30. g4 Rb6 31. Be2 Qb4 32. Bc4 Rdxd6 33. Rxd6 Qxd6
34. Qf3 Qf6 35. Qd5 Kg7 36. f3 Qf4 37. Be2 Qe3+ 38. Kf1 Rb1+ 39. Bd1 Rb2 0-1

[Event "Werner-Ott-Open Kreuzberger Sommer 2016"]
[Site "Berlin"]
[Date "2016.07.22"]
[Round "7.6"]
[White "Gebigke, Martin"]
[Black "Kutschke, Jens"]
[Result "1/2-1/2"]
[WhiteElo "2093"]
[BlackElo "1938"]
[PlyCount "83"]
[EventDate "2016.??.??"]
[WhiteTeam "SC Kreuzberg"]
[BlackTeam "SF 1903 Berlin"]

1. Nf3 Nf6 2. c4 g6 3. Nc3 d5 4. d4 Bg7 5. e3 O-O 6. Be2 c5 7. O-O dxc4 8. Bxc4
cxd4 9. exd4 Bg4 10. Be3 Nc6 11. h3 Bxf3 12. Qxf3 Nxd4 {(=)} 13. Qxb7 Nc2 14.
Rad1 Qc8 15. Qxc8 Raxc8 16. Ba6 Nxe3 17. fxe3 Rb8 18. b3 Rfd8 19. Bc4 e6 20.
Nb5 Nd5 21. Bxd5 Rxb5 22. Bc4 Rbb8 23. Kf2 Kf8 24. Ke2 Ke7 25. a4 a5 {(=)} 26.
Bb5 Bc3 27. Bc4 h5 28. Bb5 Rxd1 29. Rxd1 Rd8 30. Rxd8 Kxd8 31. Kd3 Bb4 32. Ke4
Ke7 33. Kf4 f6 34. Kf3 h4 35. Bd3 g5 36. Ba6 Kd6 37. Bc8 Ke5 38. Bd7 f5 39. Bc8
Bc5 40. Bd7 Bb4 41. Bc8 Bc5 42. Bd7 1/2-1/2

[Event "Werner-Ott-Open Kreuzberger Sommer 2016"]
[Site "Berlin"]
[Date "2016.07.22"]
[Round "7.7"]
[White "Witte, Ronald"]
[Black "Krefenstein, Sergej"]
[Result "1/2-1/2"]
[WhiteElo "1928"]
[BlackElo "2105"]
[PlyCount "61"]
[EventDate "2016.??.??"]
[WhiteTeam "BSV 63 Chemie Weißensee"]
[BlackTeam "TuS Makkabi Berlin"]

1. d4 Nf6 2. c4 g6 3. Nf3 Bg7 4. g3 O-O 5. Bg2 d6 6. O-O c6 7. Nc3 Qa5 8. h3
Nbd7 9. Bd2 e5 10. Nb5 Qb6 11. Nxd6 e4 12. c5 Qxb2 13. Rb1 Qxa2 14. Nh2 Qd5 15.
Be3 b5 16. Qc2 Rb8 17. Nxe4 Nxe4 18. Bxe4 Qe6 19. Bf4 Rb7 20. Bd6 Bxd4 21. Bxc6
Nxc5 22. e3 Qxd6 23. Bxb7 Bxb7 24. exd4 Qd5 25. f3 Ne6 26. Qf2 Nxd4 27. Rfd1
Rd8 28. Kg2 Qc4 29. Rb2 Ne6 30. Rxd8+ Nxd8 31. Qxa7 {(=)} 1/2-1/2

[Event "Werner-Ott-Open Kreuzberger Sommer 2016"]
[Site "Berlin"]
[Date "2016.07.22"]
[Round "7.8"]
[White "Richter, Götz"]
[Black "Federau, Jürgen"]
[Result "1/2-1/2"]
[WhiteElo "1930"]
[BlackElo "2026"]
[PlyCount "51"]
[EventDate "2016.??.??"]
[WhiteTeam "Klub Kölner SF"]
[BlackTeam "SC Kreuzberg"]

1. e4 d6 2. d4 Nf6 3. Nc3 e5 4. dxe5 dxe5 5. Qxd8+ Kxd8 6. Bc4 Ke8 7. f4 Bb4 8.
Bd2 exf4 9. O-O-O Be6 10. Bxe6 fxe6 11. Bxf4 Bxc3 12. bxc3 Nxe4 13. Nh3 Na6 14.
Rhe1 Nec5 15. Ng5 h6 16. Nxe6 Nxe6 17. Rxe6+ Kf7 18. Re4 Rad8 19. Rf1 Kg6 20.
Re6+ Kh7 21. Be3 Rhe8 22. Rxe8 Rxe8 23. Kd2 Kg8 24. Kd3 b6 25. Rf5 Nb8 26. Bf4
1/2-1/2

[Event "Werner-Ott-Open Kreuzberger Sommer 2016"]
[Site "Berlin"]
[Date "2016.07.22"]
[Round "7.9"]
[White "Hannebauer, Torsten"]
[Black "Thesing, Ansgar"]
[Result "1-0"]
[WhiteElo "2022"]
[BlackElo "1900"]
[PlyCount "91"]
[EventDate "2016.??.??"]
[WhiteTeam "TSG Oberschöneweide"]
[BlackTeam "SC Kreuzberg"]

1. e4 c5 2. Nf3 d6 3. Bb5+ Nd7 4. O-O a6 5. Bd3 g6 6. Re1 Bg7 7. c4 Ne5 8. Nxe5
Bxe5 9. Nc3 e6 10. Ne2 Ne7 11. Bc2 Nc6 12. Ba4 Qh4 13. f4 Bd4+ 14. Nxd4 cxd4
15. g3 Qh3 16. Bxc6+ bxc6 17. Qf3 Bb7 18. c5 dxc5 19. Qb3 O-O-O 20. f5 gxf5 21.
exf5 Qxf5 22. Rf1 Qd5 23. Rxf7 Qxb3 24. axb3 Rdf8 25. Re7 Re8 26. Rf7 Ref8 27.
Re7 d3 28. Ra4 Rf6 29. Kg2 Rhf8 30. Rxh7 Rf2+ 31. Kh3 Re2 32. Rc4 Rff2 33. Kg4
Re1 34. h4 Rff1 35. h5 Rxc1 36. Rxc1 Rxc1 37. Kf4 Re1 38. Re7 Re2 39. h6 e5+
40. Kf3 e4+ 41. Rxe4 Rxd2 42. h7 Rh2 43. Rh4 d2 44. h8=Q+ Kc7 45. Rh7+ Kb6 46.
Qd8+ 1-0

[Event "Werner-Ott-Open Kreuzberger Sommer 2016"]
[Site "Berlin"]
[Date "2016.07.22"]
[Round "7.10"]
[White "Bjarnehag, Peter"]
[Black "Lindenau, Jorge"]
[Result "1/2-1/2"]
[WhiteElo "2111"]
[BlackElo "1937"]
[PlyCount "78"]
[EventDate "2016.??.??"]
[WhiteTeam "Solna Schacksällskap"]
[BlackTeam "SC Kreuzberg"]

1. Nf3 Nf6 2. c4 g6 3. d4 Bg7 4. g3 O-O 5. Bg2 c6 6. Nc3 d5 7. cxd5 cxd5 8. Ne5
e6 9. O-O Nfd7 10. f4 Nc6 11. e3 Rb8 12. Bd2 Ndxe5 13. fxe5 f6 14. exf6 Bxf6
15. Ne2 Bd7 16. Rc1 Qe7 17. Qb3 Kh8 18. Nf4 Bg7 19. Nd3 Rxf1+ 20. Rxf1 b6 21.
Nf4 Rf8 22. Qd3 Qe8 23. Qc2 Rf7 24. Nd3 Rxf1+ 25. Bxf1 Qf8 26. Qd1 Qf5 27. Nf4
g5 28. Bh3 Qf7 29. Nd3 h6 30. Bg4 e5 31. Bxd7 Qxd7 32. dxe5 Nxe5 33. Nxe5 Bxe5
34. Bc3 Bxc3 35. bxc3 Qf5 36. Qd4+ Kh7 37. a4 Kg6 38. Kg2 Qc2+ 39. Kg1 Qb1+
1/2-1/2

[Event "Werner-Ott-Open Kreuzberger Sommer 2016"]
[Site "Berlin"]
[Date "2016.07.22"]
[Round "7.11"]
[White "Heerde, Thomas"]
[Black "Wierzbicki, Jirawat"]
[Result "0-1"]
[WhiteElo "2022"]
[BlackElo "1953"]
[PlyCount "106"]
[EventDate "2016.??.??"]
[WhiteTeam "SC Weisse Dame (Berlin)"]
[BlackTeam "SK König Tegel"]

1. e4 e5 2. Nf3 Nc6 3. Bb5 a6 4. Ba4 Nf6 5. O-O Be7 6. Re1 b5 7. Bb3 d6 8. c3
O-O 9. h3 Na5 10. Bc2 c5 11. d4 Qc7 12. Nbd2 Be6 13. d5 Bd7 14. b3 Nb7 15. Nf1
Ne8 16. g4 g6 17. Ng3 Ng7 18. Bh6 f6 19. a4 c4 20. b4 a5 21. axb5 axb4 22. cxb4
Bxb5 23. Kh2 Rxa1 24. Qxa1 Nd8 25. Be3 Nf7 26. Qa5 Qd7 27. Ra1 Rc8 28. Qa7 Rc7
29. Qa3 Rc8 30. Ng1 Ne8 31. N1e2 Nc7 32. Nc3 Rb8 33. Nge2 Bd8 34. Qc1 Qc8 35.
Ra5 Bd7 36. Ba4 Rxb4 37. Ra7 Bxa4 38. Nxa4 Nb5 39. Qe1 c3 40. Nb6 Bxb6 41. Bxb6
Nxa7 42. Bxa7 Rc4 43. f3 c2 44. Be3 Qb7 45. h4 Qb3 46. Nc1 Qc3 47. Qg1 Ra4 48.
Ne2 c1=Q 49. Qxc1 Qxc1 50. Nxc1 Ra3 51. Bd2 Rxf3 52. Kg2 Ra3 53. Bb4 Re3 0-1

[Event "Werner-Ott-Open Kreuzberger Sommer 2016"]
[Site "Berlin"]
[Date "2016.07.22"]
[Round "7.12"]
[White "Postler, Reinhard"]
[Black "Jaeger, Andre"]
[Result "1-0"]
[WhiteElo "2148"]
[BlackElo "1859"]
[PlyCount "93"]
[EventDate "2016.??.??"]
[WhiteTeam "TSG Oberschöneweide"]
[BlackTeam "SC Rochade (Berlin)"]

1. e4 c5 2. Nf3 Nc6 3. d4 cxd4 4. Nxd4 Nf6 5. Nc3 e5 6. Ndb5 d6 7. Bg5 a6 8.
Na3 b5 9. Nd5 Be7 10. Bxf6 Bxf6 11. c4 b4 12. Nc2 O-O 13. g3 Rb8 14. b3 g6 15.
Nxf6+ Qxf6 16. Bg2 a5 17. O-O Bb7 18. Qd2 Qe7 19. Rad1 Rfd8 20. Rfe1 Kg7 21.
Re3 a4 22. Rd3 axb3 23. axb3 Bc8 24. c5 Be6 25. cxd6 Qd7 26. h4 Na5 27. Rb1 Rb6
28. Nxb4 Rxd6 29. Nd5 Nc6 30. f4 Qa7+ 31. Kh1 exf4 32. Qxf4 Bxd5 33. exd5 Ne7
34. h5 h6 35. hxg6 Nxg6 36. Qe4 Qe7 37. Qd4+ Qe5 38. b4 Qxd4 39. Rxd4 Ne7 40.
b5 Nc8 41. Rc1 Rb6 42. d6 Rxb5 43. d7 Nb6 44. Bc6 Rb2 45. Re1 Rc2 46. Re8 Rxc6
47. Rxd8 1-0

[Event "Werner-Ott-Open Kreuzberger Sommer 2016"]
[Site "Berlin"]
[Date "2016.07.22"]
[Round "7.13"]
[White "Kohler, Thomas"]
[Black "Thaer, Abdulkadhim Ismaeel"]
[Result "1-0"]
[WhiteElo "2143"]
[BlackElo "1978"]
[PlyCount "47"]
[EventDate "2016.??.??"]
[WhiteTeam "SC Zitadelle Spandau"]
[BlackTeam "ohne Verein"]

1. c4 c5 2. Nf3 Nc6 3. g3 g6 4. Bg2 Bg7 5. Nc3 e5 6. a3 Nge7 7. b4 cxb4 8. axb4
Nxb4 9. Ba3 Nbc6 10. Nb5 O-O 11. Nd6 h6 12. Rb1 a6 13. O-O b5 14. Bc5 b4 15. d4
exd4 16. Nxd4 a5 17. N4b5 Ra6 18. Bh3 f5 19. e4 fxe4 20. Re1 Ne5 21. Rxe4 Nf3+
22. Kg2 Ng5 23. Rxe7 Qxe7 24. Qd5+ {Zeitüberschreitung} 1-0

[Event "Werner-Ott-Open Kreuzberger Sommer 2016"]
[Site "Berlin"]
[Date "2016.07.22"]
[Round "7.15"]
[White "Zahn, Benno"]
[Black "Roho, Kevin"]
[Result "1/2-1/2"]
[WhiteElo "2060"]
[BlackElo "1842"]
[PlyCount "77"]
[EventDate "2016.??.??"]
[WhiteTeam "SV Hellas Nauen"]
[BlackTeam "SC Weisse Dame (Berlin)"]

1. e4 d5 2. exd5 Nf6 3. d4 Nxd5 4. c4 Nb6 5. Nf3 g6 6. a4 a5 7. c5 Nd5 8. Bc4
Bg7 9. Qb3 e6 10. Bg5 Nf6 11. O-O O-O 12. Nc3 Nc6 13. d5 exd5 14. Nxd5 Be6 15.
Rad1 Bxd5 16. Bxd5 Qc8 17. Bc4 Rb8 18. Bf4 h6 19. Rfe1 b6 20. Qc2 bxc5 21. Bb5
Nd4 22. Nxd4 cxd4 23. Rxd4 Nh5 24. Be5 Qb7 25. Bxg7 Nxg7 26. Rd7 Rbc8 27. h3
Qb6 28. Bc4 Rcd8 29. Ree7 Rxd7 30. Rxd7 c5 31. Bd5 Ne6 32. Qc4 Qxb2 33. g3 Qa1+
34. Kg2 Qf6 35. Rb7 Re8 36. Ra7 Qd4 37. Bxe6 Rxe6 38. Qxd4 cxd4 39. Rd7 1/2-1/2

[Event "Werner-Ott-Open Kreuzberger Sommer 2016"]
[Site "Berlin"]
[Date "2016.07.22"]
[Round "7.16"]
[White "Hahlbohm, Matthias"]
[Black "Scholta, Danilo"]
[Result "1-0"]
[WhiteElo "2009"]
[BlackElo "1700"]
[PlyCount "33"]
[EventDate "2016.??.??"]
[WhiteTeam "TSG Oberschöneweide"]
[BlackTeam "SV Empor Berlin"]

1. e4 d5 2. Nc3 d4 3. Nce2 e5 4. d3 Be6 5. f4 f6 6. Nf3 Nd7 7. g3 c5 8. b3 g6
9. Bg2 Qc7 10. O-O Bh6 11. Nh4 O-O-O 12. Kh1 Rf8 13. c3 Qb6 14. Bd2 g5 15. Nf5
Re8 16. b4 gxf4 17. bxc5 1-0

[Event "Werner-Ott-Open Kreuzberger Sommer 2016"]
[Site "Berlin"]
[Date "2016.07.22"]
[Round "7.17"]
[White "Lange, Cecilia"]
[Black "Welz, Peter"]
[Result "1/2-1/2"]
[WhiteElo "1685"]
[BlackElo "2044"]
[PlyCount "92"]
[EventDate "2016.??.??"]
[WhiteTeam "TSG Oberschöneweide"]
[BlackTeam "SV Empor Berlin"]

1. e4 e6 2. d4 d5 3. Nd2 dxe4 4. Nxe4 Qd5 5. Nc3 Qd8 6. Nf3 Nf6 7. Bg5 Be7 8.
Bc4 O-O 9. O-O b6 10. d5 Nxd5 11. Nxd5 exd5 12. Qxd5 c6 13. Qxd8 Bxd8 14. Rfe1
Bf6 15. Bxf6 gxf6 16. Re7 b5 17. Bb3 a5 18. a4 b4 19. Nd2 Bf5 20. Rae1 Na6 21.
Ne4 Kg7 22. Re3 Rad8 23. h4 h5 24. Rg3+ Bg6 25. Bc4 Nb8 26. Nc5 Kh6 27. Bd3
Rfe8 28. Ra7 Rd4 29. Re3 Rxe3 30. fxe3 Rd5 31. Rxa5 Nd7 32. Nb3 c5 33. Nc1 Ne5
34. Rb5 Ng4 35. a5 Nxe3 36. Nb3 Bxd3 37. cxd3 Rxd3 38. Nxc5 Rd2 39. Rxb4 Rxg2+
40. Kh1 Rc2 41. Nd3 Rd2 42. Nf4 Ng4 43. a6 Ne5 44. Kg1 Nf3+ 45. Kf1 Nh2+ 46.
Ke1 Nf3+ 1/2-1/2

[Event "Werner-Ott-Open Kreuzberger Sommer 2016"]
[Site "Berlin"]
[Date "2016.07.22"]
[Round "7.18"]
[White "Shapiro, Yosip"]
[Black "Jansen, Robert"]
[Result "1-0"]
[WhiteElo "1982"]
[BlackElo "1681"]
[PlyCount "135"]
[EventDate "2016.??.??"]
[WhiteTeam "SV Berolina Mitte"]
[BlackTeam "SC Kreuzberg"]

1. c4 e6 2. g3 d5 3. Bg2 Nf6 4. Nf3 Nc6 5. d4 Bb4+ 6. Nc3 Ne4 7. Qc2 f5 8. O-O
O-O 9. c5 Bxc3 10. bxc3 Qf6 11. Bf4 Qe7 12. h4 h6 13. Qc1 Kh7 14. Ne5 Bd7 15.
f3 Nf6 16. Qc2 Nh5 17. Nxc6 Bxc6 18. Be5 g6 19. g4 Nf6 20. h5 Be8 21. Bh3 Rg8
22. Kh2 Bf7 23. hxg6+ Rxg6 24. gxf5 Rg5 25. Rg1 Rag8 26. Rxg5 Rxg5 27. Rg1 Rxg1
28. Kxg1 Kg7 29. e3 c6 30. Qg2+ Kh7 31. Qg3 Nh5 32. Qg4 exf5 33. Qxf5+ Bg6 34.
Qd7 Qxd7 35. Bxd7 Bb1 36. a3 Kg6 37. Bb8 a5 38. Bc8 Bd3 39. Bxb7 Bb5 40. e4 Nf6
41. e5 Nd7 42. Bd6 Kf7 43. Bc8 Nf8 44. f4 Ke8 45. Bf5 Kf7 46. Kf2 Ng6 47. Kg3
Ne7 48. Bd7 a4 49. f5 Ng8 50. Be6+ Kg7 51. f6+ Nxf6 52. exf6+ Kxf6 53. Bd7 Kg6
54. Kh4 Kg7 55. Be5+ Kg6 56. Kg4 Be2+ 57. Kf4 Bb5 58. Be8+ Kh7 59. Kf5 Kg8 60.
Kg6 Kf8 61. Bf7 Ke7 62. Bd6+ Kd7 63. Kf6 Kc8 64. Bf4 Kd7 65. Bxh6 Kc8 66. Ke7
Kb7 67. Kd6 Kc8 68. Be8 1-0

[Event "Werner-Ott-Open Kreuzberger Sommer 2016"]
[Site "Berlin"]
[Date "2016.07.22"]
[Round "7.19"]
[White "Sidabras, Jonas"]
[Black "Zschäbitz, Klaus"]
[Result "1/2-1/2"]
[WhiteElo "1867"]
[BlackElo "2005"]
[PlyCount "51"]
[EventDate "2016.??.??"]
[WhiteTeam "SC Kreuzberg"]
[BlackTeam "Berliner SchGes Eckbauer"]

1. d4 e6 2. g3 Nf6 3. Nf3 c5 4. c4 cxd4 5. Nxd4 Be7 6. Bg2 d5 7. O-O O-O 8.
cxd5 exd5 9. Nc3 Na6 10. Bg5 Nc7 11. h3 Ne4 12. Bxe7 Qxe7 13. Rc1 Nxc3 14. Rxc3
Be6 15. Qb3 Na6 16. Nxe6 fxe6 17. e3 Rac8 18. Rfc1 Rxc3 19. Qxc3 Qb4 20. Qe5
Kh8 21. Qxe6 Qxb2 22. Rc8 Qxf2+ 23. Kh2 h6 24. Rxf8+ Qxf8 25. Qxd5 Nc5 26. e4
$11 1/2-1/2

[Event "Werner-Ott-Open Kreuzberger Sommer 2016"]
[Site "Berlin"]
[Date "2016.07.22"]
[Round "7.20"]
[White "Schmidt, Fabian"]
[Black "Scheide, Helmut"]
[Result "1/2-1/2"]
[WhiteElo "1594"]
[BlackElo "1878"]
[PlyCount "46"]
[EventDate "2016.??.??"]
[WhiteTeam "Königsjäger Süd-West"]
[BlackTeam "USV Potsdam"]

1. e4 e5 2. Nf3 Nc6 3. Bc4 Nf6 4. d3 Be7 5. O-O d6 6. a4 Bg4 7. h3 Bh5 8. c3 a6
9. Nbd2 Qd7 10. Re1 O-O 11. Nf1 h6 12. Ng3 Bg6 13. Nh4 Kh7 14. Nhf5 Bxf5 15.
Nxf5 d5 16. Nxe7 dxc4 17. Nxc6 Qxc6 18. dxc4 Qxc4 19. Qe2 Qxe2 20. Rxe2 Rad8
21. Re1 Rd7 22. f3 Rfd8 23. Be3 Ne8 1/2-1/2

[Event "Werner-Ott-Open Kreuzberger Sommer 2016"]
[Site "Berlin"]
[Date "2016.07.22"]
[Round "7.21"]
[White "Jurkatis, Hagen"]
[Black "Hübscher, Joachim"]
[Result "0-1"]
[WhiteElo "1894"]
[BlackElo "1727"]
[PlyCount "151"]
[EventDate "2016.??.??"]
[WhiteTeam "SC Kreuzberg"]
[BlackTeam "SC Kreuzberg"]

1. d4 e6 2. Bf4 d5 3. e3 Bd6 4. Bg3 Nf6 5. Nd2 h5 6. Ngf3 Nc6 7. a3 Qe7 8. c4
Bxg3 9. hxg3 Bd7 10. Ne5 Nxe5 11. dxe5 Ne4 12. Rxh5 Rxh5 13. Qxh5 O-O-O 14.
Nxe4 dxe4 15. Rd1 Rf8 16. Qh4 Qxh4 17. gxh4 Rh8 18. g3 g5 19. hxg5 Rg8 20. Bg2
Bc6 21. Rd4 Rxg5 22. Bxe4 Be8 23. Bg2 Rxe5 24. b4 b6 25. Rh4 Kd7 26. Ke2 Rg5
27. g4 Kd6 28. f4 Rg7 29. Bf3 Ba4 30. Kd3 Bd7 31. g5 a5 32. Be4 axb4 33. axb4
c5 34. b5 e5 35. Rh6+ Kc7 36. Rh7 Rxh7 37. Bxh7 exf4 38. exf4 Kd6 39. Ke4 Be6
40. Kd3 Bh3 41. Be4 Bf1+ 42. Kc3 Bh3 43. Bd5 Ke7 44. Kd3 f6 45. Ke3 Bf5 46. Kf3
Bd3 47. Kg4 Be2+ 48. Kh4 f5 49. g6 Kf6 50. g7 Kxg7 51. Kg5 Bd3 52. Be6 Kf8 53.
Kf6 Ke8 54. Bd5 Kd7 55. Ke5 Ke7 56. Be6 Kd8 57. Kd6 Be4 58. Bd5 Kc8 59. Kc6 Kd8
60. Kxb6 Bxd5 61. cxd5 c4 62. Ka7 c3 63. b6 c2 64. b7 c1=Q 65. b8=Q+ Kd7 66.
Qb5+ Kd6 67. Ka6 Qc8+ 68. Ka5 Qc5 69. Qxc5+ Kxc5 70. d6 Kxd6 71. Kb4 Kd5 72.
Kc3 Ke4 73. Kd2 Kxf4 74. Ke2 Kg3 75. Kf1 Kf3 76. Kg1 0-1